Stavby na kľúč - aké má klient možnosti?

Čo môžeme od stavby na kľúč očakávať. Pozemok a pripojenia. Financovanie a rozpočet na stavbu domu. Stavebný úver alebo medziúver. Energetická náročnosť domu. Pomoc projektanta, architekta, stavebnej firmy. Dizajn a štýl.

Na minha lista:
Detalhes bibliográficos
Autor principal: Mittelmann, Zuzana
Formato: Capítulo de Livro
Idioma:eslovaco
Assuntos:
Tags: Adicionar Tag
Sem tags, seja o primeiro a adicionar uma tag!

MARC

LEADER 00000naa a2200000 4500
001 0221015
005 20230912114917.9
041 0 |a slo 
044 |a SK 
245 1 0 |a Stavby na kľúč - aké má klient možnosti?  |c Zuzana Mittelmann 
520 |a Čo môžeme od stavby na kľúč očakávať. Pozemok a pripojenia. Financovanie a rozpočet na stavbu domu. Stavebný úver alebo medziúver. Energetická náročnosť domu. Pomoc projektanta, architekta, stavebnej firmy. Dizajn a štýl. 
610 2 0 |a bývanie 
610 2 0 |a stavby 
610 2 0 |a energetika 
610 2 0 |a financie 
610 2 0 |a financovanie 
610 2 0 |a úver stavebný 
610 2 0 |a podnik stavebný 
610 2 0 |a dizajn 
100 1 |a Mittelmann, Zuzana